000 00489nam a22001937a 4500
003 MPLRDC
005 20220104113736.0
008 210129b ||||| |||| 00| 0 eng d
020 _a957-35-0809-5
082 _a782.881 LYT-3
100 _a施建伟
245 _a林语堂: 走向世界的幽默大师
_c
250 _a初版
260 _a
_b武陵出版有限公司
_c1994
300 _b
490 _a文学书坊. 2
650 _a林语堂传记
942 _cBK
_o782.881 LYT-3
999 _c2001
_d1991